00701cam a2200229 a 4500001000800000005001700008008004100025020001700066020002400083020002700107040001800134082002100152100001600173245007800189260009300267300001800360650001800378650002300396650001300419650001500432650002400447348812720250122001201.0940826s1994 enk b 001 0 eng  a1856492834 : a1856492842 (pbk.) : a8185107912 (New Delhi) aDLCcDLCdDLC00a305.426895bCOR1 aCorrè‚a, S10aPopulation and Reproductive Rights:bFeminist Perspectives from the South aLondonaNew JerseybZed Books;aNew DelhibKali for Women in association with DAWNc1994 axiii, 136 p., 0aBirth control 0aHuman reproduction 0aAbortion 0aFertility  0aReproductive Rights